| 000 | 00942nam a2200253 i 4500 | ||
|---|---|---|---|
| 003 | EG-ScBUE | ||
| 005 | 20231120104404.0 | ||
| 008 | 110906s1979 ua|||||r|||| 00| 0 ara d | ||
| 040 |
_aEG-ScBUE _bara _erda _cEG-ScBUE _dEG-ScBUE |
||
| 082 | 0 | 4 |
_222 _a910.453 _bع ل ي |
| 100 | 1 |
_927023 _aعلي، رؤوف أحمد، _eمؤلف. |
|
| 245 | 1 | 0 |
_aسبيل البقاء في عالم الصحراء / _cمهندس رؤوف أحمد علي. |
| 264 | 1 |
_aالقاهرة : _bالهيئة المصرية العامة للكتاب، _c1979. |
|
| 300 |
_a425 صفحة ؛ _c24 سم |
||
| 336 |
_2rdacontent _aنص _btxt |
||
| 337 |
_aبدون وسيط _2rdamedia _bn |
||
| 338 |
_aمجلد _bnc _2rdacarrier |
||
| 650 | 7 |
_920242 _aالصحاري. _2BUEsh |
|
| 650 | 7 |
_915553 _aالرحلات. _2BUEsh |
|
| 650 | 7 |
_927022 _aالحياة في الخلاء. _2BUEsh |
|
| 650 | 7 |
_927024 _aآداب السفر. _2BUEsh |
|
| 655 | _vReading book | ||
| 942 |
_2ddc _cBB |
||
| 999 |
_c15957 _d15957 |
||